Synthesis of silica in natural rubber solution via sol-gel reaction (Record no. 70157)

MARC details
000 -LEADER
fixed length control field 00558nam a2200205Ia 4500
100 ## - MAIN ENTRY--AUTHOR NAME
Personal name Poompradub S
245 #0 - TITLE STATEMENT
Title Synthesis of silica in natural rubber solution via sol-gel reaction
260 ## - PUBLICATION, DISTRIBUTION, ETC. (IMPRINT)
Name of publisher Kautschuk Gummi Kunststoffe
Year of publication 2008
300 ## - PHYSICAL DESCRIPTION
Number of Pages 152-155
650 ## - SUBJECT ADDED ENTRY--TOPICAL TERM
Topical Term Insitu silica
650 ## - SUBJECT ADDED ENTRY--TOPICAL TERM
Topical Term Natural rubber
650 ## - SUBJECT ADDED ENTRY--TOPICAL TERM
Topical Term Reinforcement
650 ## - SUBJECT ADDED ENTRY--TOPICAL TERM
Topical Term Sol-gel reaction
700 ## - ADDED ENTRY--PERSONAL NAME
Personal name Boosalee T
700 ## - ADDED ENTRY--PERSONAL NAME
Personal name Chaichua B
700 ## - ADDED ENTRY--PERSONAL NAME
Personal name Kanchanaamporn C
700 ## - ADDED ENTRY--PERSONAL NAME
Personal name Prasassarakich P
942 ## - ADDED ENTRY ELEMENTS (KOHA)
Koha item type Journals
Holdings
Withdrawn status Lost status Damaged status Not for loan Home library Current library Shelving location Date acquired Serial Enumeration / chronology Koha item type
      Journals RRII Library RRII Library Rubber chemistry 04/06/2008 Volume 61, Issue 4 Journals